British Comedians by Picture (#2) - Statistics

General Stats
  • This quiz has been taken 204 times
  • The average score is 11 of 16
Answer Stats
Picture Answer % Correct
Jo Brand
89%
Miranda Hart
84%
Johnny Vegas
83%
Bill Bailey
81%
Frank Skinner
78%
Eddie Izzard
75%
Joe Lycett
74%
Jack Dee
71%
Rob Beckett
68%
Jennifer Saunders
67%
Tim Vine
67%
John Bishop
63%
Sara Pascoe
63%
Ed Gamble
57%
Doc Brown
37%
Sanjeev Bhaskar
25%
No matching quizzes found
Score Distribution
Percent of People with Each Score
Percentile by Number Answered
Your Score History
You have not taken this quiz